| 000 | 01081nam a2200253 a 4500 | ||
|---|---|---|---|
| 008 | 120416s1997 ||||||||||||||||| || u | ||
| 020 | _a0521556104 | ||
| 050 | _aQC 794.6.S85 Mat | ||
| 100 | _aAlbeverio, Sergio | ||
| 245 | 1 | 2 |
_aA mathematical introduction to string theory : variational problems, geometric and probabilistic methods / _cedited by Sergio Albeverio |
| 260 |
_aCambridge _bCambridge University Press _c1997 |
||
| 300 | _aviii, 135 p. | ||
| 350 | _a0.00 | ||
| 490 | _aLondon Mathematical Society lecture note series | ||
| 490 | _v225 | ||
| 500 | _aIncludes bibliographical references (p. 126-132) and index. | ||
| 650 | 0 | _aPHYSICS | |
| 650 | _aString models--Mathematics | ||
| 650 | _aMATHEMATICAL PHYSICS | ||
| 710 | _aLondon Mathematical Society | ||
| 856 | _uhttp://www.loc.gov/catdir/description/cam027/95049052.html | ||
| 856 | _uhttp://www.loc.gov/catdir/toc/cam027/95049052.html | ||
| 995 |
_D0.00 _FCBU-MAIN LIBRARY (Kitwe) _H1 _I27.95 _M1 _UAVAILABLE _ZMain Library Open Access Collection |
||
| 999 |
_c50657 _d50657 |
||